| 000 | 00395nam a2200157 a 4500 | ||
|---|---|---|---|
| 001 | 3146 | ||
| 003 | CDMR | ||
| 005 | 20130801111402.0 | ||
| 008 | 130130s2009||||||||||||||||||||||||||||d | ||
| 020 | _a9788498957310 | ||
| 040 |
_aCDMR _bcat _cCPC LLEIDA |
||
| 100 | 1 |
_aTellez, Juan José _92295 |
|
| 245 | 1 | 0 |
_aPoemas a toda plana _cTELLEZ, Juan José |
| 260 |
_aMadrid _c2009 _bVisor |
||
| 942 |
_cMON _2udc |
||
| 999 |
_c3146 _d3146 |
||